Addressing climate change with energy-efficient and resilient housing : hearing before the Committee on Banking, Housing and Urban Affairs, United States Senate, One Hundred Seventeenth Congress, second session on examining how we can address housing affordability, lower peoples energy costs, and reduce climate change risk to our communities, May 18, 2022.

Bibliographic Details
Corporate Author: United States. Congress. Senate. Committee on Banking, Housing, and Urban Affairs (Author)
Format: Government Document eBook
Language:English
Published: Washington : U.S. Government Publishing Office, 2024.
Series:S. hrg. ; 117-685
Subjects:
Online Access:https://purl.fdlp.gov/GPO/gpo230984

MARC

Tag First Indicator Second Indicator Subfields
LEADER 00000cam a2200000 i 4500
001 in00005502349
006 m o d f
007 cr |||||||||||
008 240711s2024 dcua ob f000 0 eng c
005 20241004211711.0
024 8 |a 55-777  |q (GPO jacket number) 
035 |a (OCoLC)on1445846362 
040 |a GPO  |b eng  |e rda  |e pn  |c GPO  |d MvI 
042 |a pcc 
043 |a n-us--- 
049 |a WWW 
074 |a 1035-E (online) 
086 0 |a Y 4.B 22/3:S.HRG.117-685 
110 1 |a United States.  |b Congress.  |b Senate.  |b Committee on Banking, Housing, and Urban Affairs,  |0 https://id.loc.gov/authorities/names/n81033403  |e author. 
245 1 0 |a Addressing climate change with energy-efficient and resilient housing :  |b hearing before the Committee on Banking, Housing and Urban Affairs, United States Senate, One Hundred Seventeenth Congress, second session on examining how we can address housing affordability, lower peoples energy costs, and reduce climate change risk to our communities, May 18, 2022. 
264 1 |a Washington :  |b U.S. Government Publishing Office,  |c 2024. 
300 |a 1 online resource (iii, 96 pages) :  |b color illustrations. 
336 |a text  |b txt  |2 rdacontent 
337 |a computer  |b c  |2 rdamedia 
338 |a online resource  |b cr  |2 rdacarrier 
490 1 |a S. hrg. ;  |v 117-685 
500 |a In scope of the U.S. Government Publishing Office Cataloging and Indexing Program (C&I) and Federal Depository Library Program (FDLP). 
500 |a Associated bill citation(s): S. 2361; S. 3769. 
500 |a GPO Cataloging Record Distribution Program (CRDP). 
504 |a Includes bibliographical references. 
511 0 |a Hearing witnesses: Ruth Ann Norton, President and CEO, Green & Healthy Homes Initiative; Katie Tubb, Research Fellow, Center for Energy, Climate, and Environment, The Heritage Foundation; Krista Egger, Vice President, Building Resilient Futures, Enterprise Community Partners. 
518 |a Date of hearing: 2022-05-18. 
588 |a Description based on online resource; title from PDF title page (GovInfo, viewed July 11, 2024). 
650 0 |a Housing  |z United States. 
650 0 |a Climatic changes  |z United States. 
650 0 |a Climatic changes  |x Economic aspects  |z United States. 
650 0 |a Infrastructure (Economics)  |z United States.  |0 https://id.loc.gov/authorities/subjects/sh2008104651 
650 0 |a Power resources  |z United States. 
650 7 |a Finance and Financial Sector.  |2 cgpa 
650 7 |a Housing and Community Development.  |2 cgpa 
655 7 |a Legislative hearings.  |2 lcgft  |0 https://id.loc.gov/authorities/genreForms/gf2013025047 
776 0 8 |i Print version:  |a United States. Congress. Senate. Committee on Banking, Housing, and Urban Affairs.  |t Addressing climate change with energy-efficient and resilient housing  |w (OCoLC)1445846138 
810 1 |a United States.  |b Congress.  |b Senate.  |t S. hrg. ;  |0 https://id.loc.gov/authorities/names/n83707917  |v 117-685. 
856 4 0 |u https://purl.fdlp.gov/GPO/gpo230984  |t 0 
999 f f |s 478317c5-7ea1-44ae-b596-25db3954644b  |i 59d75508-7849-4d6c-b01b-e14577a96df4  |t 0 
952 f f |a Texas A&M University  |b College Station  |c Electronic Resources  |d Available Online  |t 0  |e Y 4.B 22/3:S.HRG.117-685  |h Superintendent of Documents classification 
998 f f |a Y 4.B 22/3:S.HRG.117-685  |t 0  |l Available Online